Fields, waves, and transmission lines / (Record no. 181692)
[ view plain ]
| 000 -LEADER | |
|---|---|
| fixed length control field | 01101 a2200253 4500 |
| 003 - CONTROL NUMBER IDENTIFIER | |
| control field | Nust |
| 005 - DATE AND TIME OF LATEST TRANSACTION | |
| control field | 20221123141050.0 |
| 010 ## - LIBRARY OF CONGRESS CONTROL NUMBER | |
| LC control number | 91018440 |
| 020 ## - INTERNATIONAL STANDARD BOOK NUMBER | |
| International Standard Book Number | 0412363704 |
| 020 ## - INTERNATIONAL STANDARD BOOK NUMBER | |
| International Standard Book Number | 0442314701 (USA) |
| 040 ## - CATALOGING SOURCE | |
| Transcribing agency | Nust |
| 082 00 - DEWEY DECIMAL CLASSIFICATION NUMBER | |
| Classification number | 621.3813,BEN |
| 100 1# - MAIN ENTRY--PERSONAL NAME | |
| Personal name | Benson, F. A. |
| 9 (RLIN) | 41142 |
| 245 10 - TITLE STATEMENT | |
| Title | Fields, waves, and transmission lines / |
| Statement of responsibility, etc. | F.A. Benson and T.M. Benson. |
| 250 ## - EDITION STATEMENT | |
| Edition statement | 1st ed. |
| 260 ## - PUBLICATION, DISTRIBUTION, ETC. | |
| Place of publication, distribution, etc. | London ; |
| -- | New York : |
| Name of publisher, distributor, etc. | Chapman & Hall, |
| Date of publication, distribution, etc. | 1991. |
| 300 ## - PHYSICAL DESCRIPTION | |
| Extent | xix, 354 p. : |
| Other physical details | ill. ; |
| Dimensions | 24 cm. |
| 505 ## - FORMATTED CONTENTS NOTE | |
| Formatted contents note | Theory and Problems (Page-1), Electromagnetic Theory introduction (Page-3), Transmission Line Theory Introductions (Page-31), rectangular and Circular Waveguide and Cavity Resonators introduction(Page-50), Miscellaneous Wave guiding Systems (Page-83), Impedance Transformation and Matching introduction (Page-122), Microwave Networks (Page-150), Antenna and Propagation Introduction (Page-184). |
| 650 #0 - SUBJECT ADDED ENTRY--TOPICAL TERM | |
| Topical term or geographic name entry element | Antennas (Electronics) |
| 650 #0 - SUBJECT ADDED ENTRY--TOPICAL TERM | |
| Topical term or geographic name entry element | Telecommunication Engineering |
| 650 #0 - SUBJECT ADDED ENTRY--TOPICAL TERM | |
| Topical term or geographic name entry element | Wave guides. |
| 9 (RLIN) | 103436 |
| 700 1# - ADDED ENTRY--PERSONAL NAME | |
| Personal name | Benson, T. M., |
| Dates associated with a name | 1958- |
| 9 (RLIN) | 103437 |
| 942 ## - ADDED ENTRY ELEMENTS (KOHA) | |
| Source of classification or shelving scheme | |
| Koha item type | Book |
| Withdrawn status | Lost status | Source of classification or shelving scheme | Damaged status | Not for loan | Permanent Location | Current Location | Shelving location | Date acquired | Full call number | Barcode | Date last seen | Price effective from | Koha item type | Public note |
|---|---|---|---|---|---|---|---|---|---|---|---|---|---|---|
| Military College of Signals (MCS) | Military College of Signals (MCS) | General Stacks | 12/12/2016 | 621.3813,BEN | MCS5266 | 12/08/2016 | 12/12/2016 | Book | Almirah No.32, Shelf No.2 |
